The Cornerstone of Development: Inegtating Environmental, Social and Economic Policies (Record no. 5398)
[ view plain ]
| 005 - DATE AND TIME OF LATEST TRANSACTION | |
|---|---|
| control field | 20250626142814.0 |
| 020 ## - INTERNATIONAL STANDARD BOOK NUMBER | |
| International Standard Book Number | 0-88936-842-2 |
| 082 ## - DEWEY DECIMAL CLASSIFICATION NUMBER | |
| Classification number | 338. 91 SCH |
| 245 ## - TITLE STATEMENT | |
| Title | The Cornerstone of Development: Inegtating Environmental, Social and Economic Policies |
| 260 ## - PUBLICATION, DISTRIBUTION, ETC. | |
| Place of publication, distribution, etc. | London |
| Name of publisher, distributor, etc. | Lewis Publishers |
| Date of publication, distribution, etc. | 1198. |
| 300 ## - PHYSICAL DESCRIPTION | |
| Extent | viii,312p.: ill.; tables |
| Other physical details | Index |
| Dimensions | 23cm |
| 700 ## - ADDED ENTRY--PERSONAL NAME | |
| Other authors/Editors | Jamie Schnurr |
| 700 ## - ADDED ENTRY--PERSONAL NAME | |
| Other authors/Editors | Susan Holtz |
| 942 ## - ADDED ENTRY ELEMENTS (KOHA) | |
| Source of classification or shelving scheme | Dewey Decimal Classification |
| Koha item type | Books |
| Date last seen | Total checkouts | Full call number | Barcode | Price effective from | Koha item type | Lost status | Source of classification or shelving scheme | Damaged status | Not for loan | Withdrawn status | Home library | Current library | Shelving location | Date acquired | Source of acquisition |
|---|---|---|---|---|---|---|---|---|---|---|---|---|---|---|---|
| 06/26/2025 | 338.91 SCH | MZA0002319 | 06/26/2025 | Books | Dewey Decimal Classification | CBE Mwanza | CBE Mwanza | General Collection | 06/19/2018 | Library Budget |
